| 000 | 00575nam a22001937a 4500 | ||
|---|---|---|---|
| 999 |
_c527814 _d527814 |
||
| 003 | NUST | ||
| 005 | 20190817050454.0 | ||
| 008 | 190817b ||||| |||| 00| 0 eng d | ||
| 038 | _aMr.Noman | ||
| 082 | _a658 | ||
| 100 |
_aKiani, Adnan Akhtar _919270 |
||
| 245 |
_aEffect of Economic Recession on the food Consumption Behavior of Pakistan Consumers / _cAdnan Akhtar Kiani. |
||
| 260 |
_aIslamabad: _bNBS - NUST, _c2016. |
||
| 300 |
_a29 p.: ill.; _c30cm. |
||
| 500 | _aHardcover. | ||
| 650 |
_aMBA Thesis. _917629 |
||
| 700 |
_aFatima Zaheer. _919247 |
||
| 942 |
_2ddc _cTHE |
||